Complete the Card - WWE Survivor Series WarGames 2022 - Statistics

General Stats
  • This quiz has been taken 311 times
  • The average score is 22 of 27
Answer Stats
Hint Answer % Correct
Men's WarGames Match Roman Reigns
96%
Men's WarGames Match Jey Uso
95%
Men's WarGames Match Jimmy Uso
95%
Men's WarGames Match Sami Zayn
95%
Men's WarGames Match Solo Sikoa
94%
Women's WarGames Match Bayley
91%
Women's WarGames Match Iyo Sky
91%
Men's WarGames Match Kevin Owens
91%
Women's WarGames Match Becky Lynch
90%
Women's WarGames Match Bianca Belair
90%
Men's WarGames Match Drew McIntyre
90%
Women's WarGames Match Rhea Ripley
89%
WWE United States Championship Triple Threat Match Seth Rollins
87%
Men's WarGames Match Sheamus
85%
Women's WarGames Match Asuka
84%
Women's WarGames Match Dakota Kai
84%
WWE United States Championship Triple Threat Match Austin Theory
83%
WWE United States Championship Triple Threat Match Bobby Lashley
82%
Men's WarGames Match Butch
77%
Men's WarGames Match Ridge Holland
77%
WWE SmackDown Women's Championship Match Ronda Rousey
77%
Women's WarGames Match Alexa Bliss
75%
Singles Match Finn Bálor
61%
Women's WarGames Match Nikki Cross
59%
Singles Match AJ Styles
55%
WWE SmackDown Women's Championship Match Shotzi
54%
Women's WarGames Match Mia Yim
44%
No matching quizzes found
Score Distribution
Percent of People with Each Score
Percentile by Number Answered
Your Score History
You have not taken this quiz